Gegen die Weltordnung (Record no. 9063)

MARC details
000 -LEADER
fixed length control field 00589nam a2200205uu 4500
001 - CONTROL NUMBER
control field WIIW0000188
003 - CONTROL NUMBER IDENTIFIER
control field OSt
005 - DATE AND TIME OF LATEST TRANSACTION
control field 20241011121858.0
008 - FIXED-LENGTH DATA ELEMENTS--GENERAL INFORMATION
fixed length control field 241011b |||||||| |||| 00| 0 eng d
020 ## - INTERNATIONAL STANDARD BOOK NUMBER
International Standard Book Number 978-3-7560-0313-6
040 ## - CATALOGING SOURCE
Transcribing agency OSt
041 ## - LANGUAGE CODE
Language code of text/sound track or separate title ger
100 ## - MAIN ENTRY--PERSONAL NAME
Dates associated with a name Michael Hüther, Melinda Fremerey, Simon Gerards Iglesias, Ed.
245 00 - TITLE STATEMENT
Title Gegen die Weltordnung
Remainder of title Russlands Sonderweg und sein ökonomischer Preis
260 ## - PUBLICATION, DISTRIBUTION, ETC.
Place of publication, distribution, etc. Baden-Baden
Name of publisher, distributor, etc. Nomos
Date of publication, distribution, etc. 2023
300 ## - PHYSICAL DESCRIPTION
Extent 219 S. ;
Dimensions 21,5 cm.
490 ## - SERIES STATEMENT
Series statement ISPK-Studien zur Konfliktforschung
651 ## - SUBJECT ADDED ENTRY--GEOGRAPHIC NAME
Geographic name Russland
942 ## - ADDED ENTRY ELEMENTS (KOHA)
Koha item type Book
Source of classification or shelving scheme Other/Generic Classification Scheme
Holdings
Withdrawn status Lost status Source of classification or shelving scheme Damaged status Not for loan Home library Current library Date acquired Total Checkouts Full call number Date last seen Price effective from Koha item type
    Other/Generic Classification Scheme     WIIW WIIW 10/11/2024   7974 10/11/2024 10/11/2024 Book
The Vienna Instiute for International Economic Studies (wiiw)